Compiler design../ (Record no. 2304)

MARC details
000 -LEADER
Fixed length control field 00426nam a22001697a 4500
003 - CONTROL NUMBER IDENTIFIER
Control field SEACOMEC
005 - DATE AND TIME OF LATEST TRANSACTION
Control field 20250529125334.0
008 - FIXED-LENGTH DATA ELEMENTS--GENERAL INFORMATION
Fixed length control field 250529b |||||||| |||| 00| 0 eng d
020 ## - INTERNATIONAL STANDARD BOOK NUMBER / ISBN
International Standard Book Number 978-8131805640
Price 225.00
040 ## - CATALOGING SOURCE
Original cataloging agency SEACOMEC
082 ## - DEWEY DECIMAL CLASSIFICATION NUMBER
Classification number 005.463
Book Number K130
100 ## - MAIN ENTRY--PERSONAL NAME
Personal name Kakde, O G
245 ## - TITLE STATEMENT
Title Compiler design../
Sub title O. G. Kakde
250 ## - EDITION STATEMENT
Edition statement 4th Ed
260 ## - IMPRINT
Place of publication New Delhi :
Name of publisher Laxmi Publications,
Date of publication 2007
942 ## - ADDED ENTRY ELEMENTS (KOHA)
Koha item type Books
Holdings
Withdrawn status Lost status Source of classification Damaged status Not for loan Home library Current library Date acquired Total Checkouts Call number Accession number Date last seen Price effective from Koha item type Copy number
    Dewey Decimal Classification     SEACOM ENGINEERING COLLEGE SEACOM ENGINEERING COLLEGE 04/11/2010   005.463 K130 17550 29/05/2025 29/05/2025 Reference Books  
    Dewey Decimal Classification     SEACOM ENGINEERING COLLEGE SEACOM ENGINEERING COLLEGE 04/11/2010   005.463 K130 17551 29/05/2025 29/05/2025 Books 1
    Dewey Decimal Classification     SEACOM ENGINEERING COLLEGE SEACOM ENGINEERING COLLEGE 04/11/2010   005.463 K130 17552 29/05/2025 29/05/2025 Books 2
    Dewey Decimal Classification     SEACOM ENGINEERING COLLEGE SEACOM ENGINEERING COLLEGE 04/11/2010   005.463 K130 17553 29/05/2025 29/05/2025 Books 3
    Dewey Decimal Classification     SEACOM ENGINEERING COLLEGE SEACOM ENGINEERING COLLEGE 04/11/2010   005.463 K130 17554 29/05/2025 29/05/2025 Books 4
    Dewey Decimal Classification     SEACOM ENGINEERING COLLEGE SEACOM ENGINEERING COLLEGE 04/11/2010   005.463 K130 17555 29/05/2025 29/05/2025 Books 5
    Dewey Decimal Classification     SEACOM ENGINEERING COLLEGE SEACOM ENGINEERING COLLEGE 04/11/2010   005.463 K130 17556 29/05/2025 29/05/2025 Books 6
    Dewey Decimal Classification     SEACOM ENGINEERING COLLEGE SEACOM ENGINEERING COLLEGE 04/11/2010   005.463 K130 17557 29/05/2025 29/05/2025 Books 7
    Dewey Decimal Classification     SEACOM ENGINEERING COLLEGE SEACOM ENGINEERING COLLEGE 04/11/2010   005.463 K130 17558 29/05/2025 29/05/2025 Books 8
    Dewey Decimal Classification     SEACOM ENGINEERING COLLEGE SEACOM ENGINEERING COLLEGE 04/11/2010   005.463 K130 17559 29/05/2025 29/05/2025 Books 9
© Seacom Engineering College, All rights reserved.      Powered by Koha